Obálka Náhled e-knihy:
PDF Epub
Pro půjčování e-knih musíte být přihlášeni.
Jak si půjčit online?

Krásná neznámá /

   V osmé náhradní minisérii vám přinášíme tři dramatické povídky od uznávaných zahraničních autorů 19. století. ´Krásná neznámá od Pedra de Alarcóna´  Tento napínavý příběh je o tajemné ženě, jejíž osud je spjat s láskou, vinou a neodvratným trestem. Setkání vypravěče s k...

Celý popis

Uloženo v:
Hlavní autor: Kolektiv autorů, (Autor)
Médium: E-kniha
Jazyk:Czech
Vydáno: Praha : Splendidum družstvo, 2026
Tagy:
Žádné tagy
LEADER 02457nam a22002297i 4500
001 299209
007 ta
008 260425s2026 xr ||||| |||| 00| 0 cze d
020 |a 9990004264366 
044 |a xr 
100 1 |a  Kolektiv autorů,   |4 aut 
245 1 0 |a Krásná neznámá /  |c  Kolektiv autorů,  
264 1 |a Praha :  |b Splendidum družstvo,  |c 2026 
300 |a 1 online zdroj (55 stran) 
336 |a text  |b txt  |2 rdacontent 
337 |a bez média  |b n  |2 rdamedia 
338 |a online zdroj  |b cr  |2 rdacarrier 
520 2 |a    V osmé náhradní minisérii vám přinášíme tři dramatické povídky od uznávaných zahraničních autorů 19. století. ´Krásná neznámá od Pedra de Alarcóna´  Tento napínavý příběh je o tajemné ženě, jejíž osud je spjat s láskou, vinou a neodvratným trestem. Setkání vypravěče s krásnou neznámou odhaluje postupně její tragickou minulost i temné tajemství vraždy.  Dílo ukazuje, jak krutě se mohou střetnout lidské city s neúprosným zákonem a spravedlností. ´Neviditelné oko od Erckmanna-Chatriana´ Tato povídka sleduje vypravěče, který se během svých cest ubytuje v levném, ponurém pařížském pokoji. Atmosféra houstne, když si muž uvědomí, že je z vedlejšího, zdánlivě prázdného bytu sledován záhadným „neviditelným okem“. Napínavý děj postupně odhaluje děsivé tajemství spojené s předchozími obyvateli a místností, která se stává pastí.    ´Horla od Guy de Maupassanta´  Povídka z roku 1887 je stylizována do podoby deníku. Hlavní postava si do něj zaznamenává pocity spojené s přítomností neviditelné, hrozivé bytosti. Vypravěč, který tuto entitu nazve Horla, propadá čím dál hlouběji své chiméře, až se ocitá na pokraji šílenství. Tento příběh je tragickou zkušeností i předtuchou. Jeho autor byl později stižen šílenstvím a ještě před jeho propuknutím tvrdil, že ho pronásleduje jeho vlastní dvojník.   
910 |a RBIT002 
998 |d 426436  |a https://core.palmknihy.cz/api/books/426436/cover?te05l7  |b https://core.palmknihy.cz/api/books/426436/cover/400?te05l7  |c https://core.palmknihy.cz/api/books/426436/cover/50?te05l7  |e   |g 55  |i 9990004264366  |j https://core.palmknihy.cz/api/books/426436/preview.epub  |k https://core.palmknihy.cz/api/books/426436/preview.pdf  |l   |q 49  |r 1  |s https://www.palmknihy.cz/kniha/426436  |t ebook  |y 2026  |z 1 
999 |d 299207